| 000 | 00449nam a2200169Ia 4500 | ||
|---|---|---|---|
| 008 | 240729s9999 xx 000 0 und d | ||
| 022 | _a1873-2348 | ||
| 245 | 0 | _aPolymer Testing | |
| 260 | _aUnited Kingdom | ||
| 260 | _bElsevier | ||
| 650 | _a Chemical technology | ||
| 650 | _a Polymers and polymer manufacture | ||
| 650 | _aTechnology | ||
| 856 | _uhttps://doaj.org/toc/580d9d18743d4566a0d6c7a72f84aa5a | ||
| 942 | _2ddc | ||
| 942 | _cDOAJEJ | ||
| 999 |
_c71958 _d71958 |
||
| 945 |
_a1 _bMadushi Gamage _c1 _dMadushi Gamage |
||